| Tag |
First Indicator |
Second Indicator |
Subfields |
| LEADER |
00000cam a2200000 4500 |
| 001 |
in00000067147 |
| 005 |
20151008051317.0 |
| 008 |
741108s1964 gau b 00000 eng u |
| 010 |
|
|
|a 64022781
|
| 035 |
|
|
|a (OCoLC)01070934
|
| 035 |
|
|
|9 AAG7102AM
|
| 040 |
|
|
|c OUN
|d TXA
|d UtOrBLW
|
| 049 |
|
|
|a TXAM
|c [411038]
|
| 050 |
0 |
0 |
|a JK2358
|b .G4 1964
|
| 082 |
0 |
|
|a 329.609758
|
| 092 |
|
|
|a 329.6
|b S524r
|
| 100 |
1 |
|
|a Shadgett, Olive Hall,
|d 1905-
|
| 245 |
1 |
4 |
|a The Republican Party in Georgia, from Reconstruction through 1900.
|
| 264 |
|
1 |
|a Athens :
|b University of Georgia Press,
|c [1964]
|
| 300 |
|
|
|a ix, 210 pages ;
|c 24 cm.
|
| 336 |
|
|
|a text
|b txt
|2 rdacontent
|
| 337 |
|
|
|a unmediated
|b n
|2 rdamedia
|
| 338 |
|
|
|a volume
|b nc
|2 rdacarrier
|
| 504 |
|
|
|a Bibliographical references included in "Notes" (pages 175-193) Bibliography: pages 194-202.
|
| 610 |
2 |
0 |
|a Republican Party (Ga.)
|
| 999 |
|
|
|a MARS
|
| 999 |
f |
f |
|s 1c2750e3-231e-3298-815c-5b5043f3113e
|i 2d61b7cb-b10c-33a0-94a6-4fb215d90b71
|t 0
|
| 952 |
f |
f |
|p normal
|a Texas A&M University
|b College Station
|c Sterling C. Evans Library
|d Evans: Library Stacks
|t 0
|e JK2358 .G4 1964
|h Library of Congress classification
|i unmediated -- volume
|m A14800684071
|
| 998 |
f |
f |
|a JK2358 .G4 1964
|t 0
|l Evans: Library Stacks
|